[Event "Urals-ch 72nd"]
[Site "Tiumen"]
[Date "2014.03.24"]
[Round "5"]
[White "Salemgareev, Tagir"]
[Black "Galeev, Insaf"]
[Result "1-0"]
[WhiteElo "1795"]
[BlackElo "1864"]
[PlyCount "77"]
[EventDate "2014.03.20"]
[EventType "swiss"]
[EventRounds "9"]
[EventCountry "RUS"]
[SourceTitle "CBM 159 Extra"]
[Source "ChessBase"]
[SourceDate "2014.04.24"]
[SourceVersion "1"]
[SourceVersionDate "2014.04.24"]
[SourceQuality "1"]

1. d4 Nf6 2. c4 e6 3. Nf3 d5 4. Nc3 c6 5. Bg5 Be7 6. e3 0-0 7. Rc1 Nbd7 8. Bd3 dxc4 9. Bxc4 b5 10. Bd3 Bb7 11. 0-0 a6 12. Ne4 Nxe4 13. Bxe7 Qxe7 14. Bxe4 Rac8 15. Nd2 f5 16. Bf3 e5 17. Nb3 e4 18. Be2 c5 19. dxc5 Nxc5 20. Nxc5 Rxc5 21. Qb3+ Kh8 22. Qb4 Re5 23. Qxe7 Rxe7 24. Rfd1 g6 25. Rd4 Kg7 26. Rcd1 Rc8 27. Rd7 Kf7 28. R7d2 Rcc7 29. g4 Kf6 30. h4 h6 31. Kh2 g5 32. hxg5+ hxg5 33. Kg3 fxg4 34. Bxg4 Ke5 35. Rd8 Rc2 36. Rf8 Rec7 37. Rf5+ Ke6 38. Rxb5+ Ke7 39. Rxg5 1-0

[Event "Urals-ch 72nd"]
[Site "Tiumen"]
[Date "2014.03.20"]
[Round "1"]
[White "Matsenko, Andrei"]
[Black "Galeev, Insaf"]
[Result "1-0"]
[WhiteElo "2272"]
[BlackElo "1864"]
[PlyCount "23"]
[EventDate "2014.03.20"]
[EventType "swiss"]
[EventRounds "9"]
[EventCountry "RUS"]
[SourceTitle "CBM 159 Extra"]
[Source "ChessBase"]
[SourceDate "2014.04.24"]
[SourceVersion "1"]
[SourceVersionDate "2014.04.24"]
[SourceQuality "1"]

1. e4 c5 2. Nf3 Nc6 3. d4 cxd4 4. Nxd4 Nf6 5. Nc3 d6 6. Bg5 e5 7. Ndb5 a6 8. Na3 d5 9. Nxd5 Bxa3 10. bxa3 Be6 11. Nxf6+ gxf6 12. Qxd8+ 1-0

[Event "Khanty-Mansiysk Governor Cup-B 9th"]
[Site "Khanty-Mansiysk"]
[Date "2013.11.30"]
[Round "3"]
[White "Pozdeev, Vladimir1111"]
[Black "Galeev, Insaf"]
[Result "1-0"]
[WhiteElo "2263"]
[BlackElo "1894"]
[PlyCount "55"]
[EventDate "2013.11.28"]
[EventType "swiss"]
[EventRounds "9"]
[EventCountry "RUS"]
[SourceTitle "CBM 157 Extra"]
[Source "ChessBase"]
[SourceDate "2013.12.19"]
[SourceVersion "1"]
[SourceVersionDate "2013.12.19"]
[SourceQuality "1"]

1. d4 Nf6 2. c4 e6 3. g3 d5 4. Bg2 c6 5. Nf3 Nbd7 6. Nc3 Bd6 7. Nd2 0-0 8. 0-0 Re8 9. e4 dxe4 10. Ndxe4 Nxe4 11. Nxe4 Be7 12. Qc2 Nf6 13. Rd1 Nxe4 14. Bxe4 f5 15. Bg2 Bf6 16. d5 cxd5 17. cxd5 e5 18. Be3 e4 19. Rac1 b6 20. Bh3 g6 21. Bf1 Bd7 22. Ba6 Be5 23. d6 Be6 24. d7 Rf8 25. Qc6 Qe7 26. Bg5 Bf6 27. Bxf6 Qxf6 28. Bc4 1-0

[Event "Khanty-Mansiysk Governor Cup 7th"]
[Site "Khanty-Mansiysk"]
[Date "2011.09.07"]
[Round "8"]
[White "Pavlova, Nataliy"]
[Black "Galeev, Insaf"]
[Result "0-1"]
[WhiteElo "1569"]
[BlackElo "1923"]
[PlyCount "116"]
[EventDate "2011.08.31"]
[EventType "swiss"]
[EventRounds "9"]
[EventCountry "RUS"]
[SourceTitle "CBM 144 Extra"]
[Source "ChessBase"]
[SourceDate "2011.10.28"]
[SourceVersion "1"]
[SourceVersionDate "2011.10.28"]
[SourceQuality "1"]

1. e4 c5 2. Nf3 d6 3. d4 cxd4 4. Nxd4 Nf6 5. Nc3 g6 6. g3 Bg7 7. Bg2 0-0 8. h3 Nc6 9. Nde2 Be6 10. 0-0 Rc8 11. Be3 Qa5 12. Qd2 Rfe8 13. f4 a6 14. a4 Nd7 15. g4 f5 16. exf5 gxf5 17. g5 Nf8 18. h4 Bc4 19. Rfd1 Red8 20. Nd5 Qxd2 21. Rxd2 Bxd5 22. Bxd5+ e6 23. Bg2 d5 24. c3 Na5 25. Bd4 Nb3 26. Rad1 Nxd2 27. Rxd2 Nd7 28. Bxg7 Kxg7 29. Nd4 Kf7 30. Re2 Nc5 31. b3 Ne4 32. Bxe4 fxe4 33. Re3 Re8 34. Ne2 Rc7 35. Kf2 Rec8 36. Kg3 Ke7 37. h5 b5 38. axb5 axb5 39. b4 h6 40. Kg4 Rg8 41. Nd4 Rb7 42. g6 Kf6 43. Re2 Rc8 44. Re3 e5 45. fxe5+ Kxe5 46. Nf5 Rh8 47. Re2 Rc7 48. Re3 Ra7 49. Re2 Rd7 50. Nxh6 Rxh6 51. Kg5 Rh8 52. h6 Rg8 53. Rf2 e3 54. Rf1 Ke4 55. g7 Rgxg7+ 56. hxg7 Rxg7+ 57. Kf6 Rc7 58. Ke6 Rxc3 0-1